MESTSKÁ KNIŽNICA GIRALTOVCE  - online katalóg 

Chlapec, ktorý nakreslil Auschwitz (Record no. 24074)

000 -NÁVESTIE
fixed length control field 02786cam a2200745 4500
001 - EVIDENČNÉ ČÍSLO ZÁZNAMU - Kontrolné číslo
control field vtls012264115
005 - DÁTUM A ČAS POSLEDNEJ TRANSAKCIE
control field 20251215120504.0
008 - ÚDAJE S PEVNOU DĹŽKOU – VŠEOBECNÉ INFORMÁCIE
fixed length control field 240925s2024 xo habcg hi 011 0aslo
020 ## - MEDZINÁRODNÉ ŠTANDARDNÉ ČÍSLO KNIHY (ISBN)
Medzinárodné štandardné číslo knihy (ISBN) 9788055194967
Qualifying information (viazané)
040 ## - ZDROJ KATALOGIZÁCIE
Pôvodná katalogizujúca agentúra SVKPO
Jazyk katalogizácie slo
Prepisujúca agentúra SVKPO
Modifikujúca agentúra SNK
Konvencie popisu rda
041 1# - KÓD JAZYKA
Kód jazyka textu/zvukovej stopy alebo samostatných nápisov slo
Kód jazyka originálu a/alebo sprostredkujúcich prekladov textu eng
044 ## - KÓD KRAJINY VYDAVATEĽA/PRODUCENTA
Kód krajiny MARC xo
Kód krajiny ISO SK
072 #7 - KÓD PREDMETOVEJ KATEGÓRIE
Kód predmetovej kategórie 343.8
Pododdiel kódu predmetovej kategórie Väzenstvo
Zdroj konspekt
072 #7 - KÓD PREDMETOVEJ KATEGÓRIE
Kód predmetovej kategórie 929
Pododdiel kódu predmetovej kategórie Biografie
Zdroj konspekt
080 ## - ČÍSLO MEDZINÁRODNÉHO DESATINNÉHO TRIEDENIA (MDT)
Číslo Medzinárodného desatinného triedenia (MDT) (=411.16)
Identifikátor vydania 2011
080 ## - ČÍSLO MEDZINÁRODNÉHO DESATINNÉHO TRIEDENIA (MDT)
Číslo Medzinárodného desatinného triedenia (MDT) 323.12"1939/1945"-053.15
Identifikátor vydania 2011
080 ## - ČÍSLO MEDZINÁRODNÉHO DESATINNÉHO TRIEDENIA (MDT)
Číslo Medzinárodného desatinného triedenia (MDT) 355.48(100)"1939/1945"
Identifikátor vydania 2011
080 ## - ČÍSLO MEDZINÁRODNÉHO DESATINNÉHO TRIEDENIA (MDT)
Číslo Medzinárodného desatinného triedenia (MDT) 343.819.5
Identifikátor vydania 2011
080 ## - ČÍSLO MEDZINÁRODNÉHO DESATINNÉHO TRIEDENIA (MDT)
Číslo Medzinárodného desatinného triedenia (MDT) 323.12"1939/1945"
Identifikátor vydania 2011
080 ## - ČÍSLO MEDZINÁRODNÉHO DESATINNÉHO TRIEDENIA (MDT)
Číslo Medzinárodného desatinného triedenia (MDT) 741/744-053.2
Identifikátor vydania 2011
080 ## - ČÍSLO MEDZINÁRODNÉHO DESATINNÉHO TRIEDENIA (MDT)
Číslo Medzinárodného desatinného triedenia (MDT) (438)
Identifikátor vydania 2011
080 ## - ČÍSLO MEDZINÁRODNÉHO DESATINNÉHO TRIEDENIA (MDT)
Číslo Medzinárodného desatinného triedenia (MDT) (430)
Identifikátor vydania 2011
080 ## - ČÍSLO MEDZINÁRODNÉHO DESATINNÉHO TRIEDENIA (MDT)
Číslo Medzinárodného desatinného triedenia (MDT) (0:82-312.6)
Identifikátor vydania 2011
100 1# - OSOBNÉ MENÁ – VŠEOBECNÉ INFORMÁCIE
Osobné meno Geve, Thomas,
Dátumy súvisiace s menom 1929-2024
Kód roly aut
-- 5309
240 14 - UNIFIKOVANÝ NÁZOV
Unifikovaný názov The boy who drew Auschwitz
Jazyk diela Slovensky
245 10 - NÁZOV
Názov Chlapec, ktorý nakreslil Auschwitz
Zvyšok názvu skutočný príbeh o nádeji a prežití
Údaj o zodpovednosti atď. Thomas Geve v spolupráci s Charlesom Inglefieldom ; preložil Róbert Hrebíček
264 #1 - VYDAVATEĽSKÉ ÚDAJE, DISTRIBÚCIA ATĎ. - RDA
Miesto publikovania, distribúcie atď. Bratislava
Názov vydavateľa, distibútora atď. Ikar
Dátum publikovania, distribúcie atď. 2024
300 ## - FYZICKÝ POPIS
Rozsah 373 strán
Ďalšie fyzické detaily faksimile, ilustrácie (prevažne farebné), mapy, portréty
Rozmery 21 cm
336 ## - TYP OBSAHU
Typ obsahu - termín text
Typ obsahu - kód txt
Zdroj rdacontent
337 ## - TYP MÉDIA
Typ média - termín bez média
Typ média - kód n
Zdroj rdamedia
338 ## - TYP NOSIČA
Typ nosiča - termín zväzok
Typ nosiča - kód nc
Zdroj rdacarrier
500 ## - VŠEOBECNÁ POZNÁMKA
Formátovaná poznámka o obsahu Preložené z angličtiny
600 17 - PRIDANÝ VSTUP – PREDMET – OSOBNÉ MENO
Osobné meno Geve, Thomas,
Dátumy súvisiace s menom 1929-2024
Zdroj hesla alebo termínu SNKMA
-- 5309
610 17 - PRIDANÝ VSTUP – PREDMET – KORPORATÍVNE MENO
Korporatívne meno alebo meno jurisdikcie ako vstupný prvok Osvienčim (koncentračný tábor)
Zdroj hesla alebo termínu SNKKA
-- 2168
610 27 - PRIDANÝ VSTUP – PREDMET – KORPORATÍVNE MENO
Korporatívne meno alebo meno jurisdikcie ako vstupný prvok Gross-Rosen (koncentračný tábor)
Zdroj hesla alebo termínu SNKKA
-- 5310
610 17 - PRIDANÝ VSTUP – PREDMET – KORPORATÍVNE MENO
Korporatívne meno alebo meno jurisdikcie ako vstupný prvok Buchenwald (koncentračný tábor)
Zdroj hesla alebo termínu SNKKA
-- 5311
648 #7 - PRIDANÝ VSTUP – PREDMET – CHRONOLOGICKÝ TERMÍN
Chronologický termín 20.-21. storočie
Zdroj hesla alebo termínu SNKPH
-- 1994
648 #7 - PRIDANÝ VSTUP – PREDMET – CHRONOLOGICKÝ TERMÍN
Chronologický termín 1939-1945
Zdroj hesla alebo termínu SNKPH
-- 2019
648 #7 - PRIDANÝ VSTUP – PREDMET – CHRONOLOGICKÝ TERMÍN
Chronologický termín 20th-21st centuries
Zdroj hesla alebo termínu SNKPHeng
-- 1822
650 07 - PRIDANÝ VSTUP – PREDMET – TEMATICKÉ HESLO
Tematické heslo alebo geografický názov ako vstupný prvok Židia
Zdroj hesla alebo termínu SNKPH
-- 1732
650 07 - PRIDANÝ VSTUP – PREDMET – TEMATICKÉ HESLO
Tematické heslo alebo geografický názov ako vstupný prvok židovské deti
Zdroj hesla alebo termínu SNKPH
-- 4549
650 07 - PRIDANÝ VSTUP – PREDMET – TEMATICKÉ HESLO
Tematické heslo alebo geografický názov ako vstupný prvok preživší holokaust
Zdroj hesla alebo termínu SNKPH
-- 3204
650 07 - PRIDANÝ VSTUP – PREDMET – TEMATICKÉ HESLO
Tematické heslo alebo geografický názov ako vstupný prvok druhá svetová vojna (1939-1945)
Zdroj hesla alebo termínu SNKPH
-- 1735
650 07 - PRIDANÝ VSTUP – PREDMET – TEMATICKÉ HESLO
Tematické heslo alebo geografický názov ako vstupný prvok koncentračné tábory
Zdroj hesla alebo termínu SNKPH
-- 1734
650 07 - PRIDANÝ VSTUP – PREDMET – TEMATICKÉ HESLO
Tematické heslo alebo geografický názov ako vstupný prvok holokaust (1939-1945)
Zdroj hesla alebo termínu SNKPH
-- 1733
650 07 - PRIDANÝ VSTUP – PREDMET – TEMATICKÉ HESLO
Tematické heslo alebo geografický názov ako vstupný prvok detské kresby
Zdroj hesla alebo termínu SNKPH
-- 5312
650 07 - PRIDANÝ VSTUP – PREDMET – TEMATICKÉ HESLO
Tematické heslo alebo geografický názov ako vstupný prvok Jews
Zdroj hesla alebo termínu SNKPHeng
-- 1737
650 07 - PRIDANÝ VSTUP – PREDMET – TEMATICKÉ HESLO
Tematické heslo alebo geografický názov ako vstupný prvok Holocaust survivors
Zdroj hesla alebo termínu SNKPHeng
-- 3205
650 07 - PRIDANÝ VSTUP – PREDMET – TEMATICKÉ HESLO
Tematické heslo alebo geografický názov ako vstupný prvok World War (1939-1945)
Zdroj hesla alebo termínu SNKPHeng
-- 1740
650 07 - PRIDANÝ VSTUP – PREDMET – TEMATICKÉ HESLO
Tematické heslo alebo geografický názov ako vstupný prvok Concentration camps
Zdroj hesla alebo termínu SNKPHeng
-- 1739
650 07 - PRIDANÝ VSTUP – PREDMET – TEMATICKÉ HESLO
Tematické heslo alebo geografický názov ako vstupný prvok Holocaust (1939-1945)
Zdroj hesla alebo termínu SNKPHeng
-- 1738
650 07 - PRIDANÝ VSTUP – PREDMET – TEMATICKÉ HESLO
Tematické heslo alebo geografický názov ako vstupný prvok Children's drawings
Zdroj hesla alebo termínu SNKPHeng
-- 5313
651 #7 - PRIDANÝ VSTUP – PREDMET – GEOGRAFICKÝ NÁZOV
Geografický názov Nemecko
Zdroj hesla alebo termínu SNKPHgeo
-- 3575
651 #7 - PRIDANÝ VSTUP – PREDMET – GEOGRAFICKÝ NÁZOV
Geografický názov Poľsko
Zdroj hesla alebo termínu SNKPHgeo
-- 1754
651 #7 - PRIDANÝ VSTUP – PREDMET – GEOGRAFICKÝ NÁZOV
Geografický názov Germany
Zdroj hesla alebo termínu SNKPHeng
-- 3576
651 #7 - PRIDANÝ VSTUP – PREDMET – GEOGRAFICKÝ NÁZOV
Geografický názov Poland
Zdroj hesla alebo termínu SNKPHeng
-- 1755
655 #7 - INDEXAČNÝ TERMÍN – ŽÁNER/FORMA
Údaje o žánri/forme alebo termín, ktorý je prvok fazety autobiografické romány
Zdroj termínu SNKPH
-- 1743
655 #7 - INDEXAČNÝ TERMÍN – ŽÁNER/FORMA
Údaje o žánri/forme alebo termín, ktorý je prvok fazety Autobiographical novels
Zdroj termínu SNKPHeng
-- 1744
700 1# - PRIDANÝ VSTUP – OSOBNÉ MENO
Osobné meno Inglefield, Charles,
Dátumy súvisiace s menom 1977-
Kód roly clb
-- 5314
700 1# - PRIDANÝ VSTUP – OSOBNÉ MENO
Osobné meno Hrebíček, Róbert
Kód roly trl
-- 1780
958 ## - Formálny deskriptor
Formálny deskriptor LX
958 ## - Formálny deskriptor
Formálny deskriptor UP
958 ## - Formálny deskriptor
Formálny deskriptor ZD
Holdings
Stav stiahnutia (Blokovanie) (Withrawn status) Stav straty Zdroj klasifikácie pre skladovanie Stav poškodenia (Damaged status) Nie pre výpožičky (Not for loan) Spôsob nadobudnutia (Collection code) Trvalé umiestnenie Aktuálne umiestnenie Dátum nadobudnutia Náklady, bežná kúpna cena Inventárne číslo (prírastkové číslo) Celkom výpožičky Full call number Čiarový kód Dátum posledného výskytu Dátum poslednej výpôžičky Cena s účinnosťou od Typ jednotky Koha
          Kúpa Mestská knižnica Giraltovce Mestská knižnica Giraltovce 2025-12-15 14.90 22443 1 B10959 B10959 2026-04-22 2026-02-04 2025-12-15 Krásna literatúra pre dospelých

Powered by Koha